000
00344nam a22001577a 4500
003
SGT
020
_a
9780199461851
082
_a
621.34,SAD
100
_a
SADIKU MATHEW,N.O.
245
_a
PRINCIPLES OF ELECTROMAGNETIC
250
_a
6TH
260
_a
NEW DELHI
_b
OXFORD
_c
2018
300
_a
888
650
_a
ELECTRONICS
942
_2
ddc
_c
BK
999
_c
18430
_d
18430